Tous les cantons de Haute-Garonne sur une carte - Statistiques

Statistiques générales
  • Ce quiz a été pris 229 fois
  • Le résultat moyen est 18 sur 27
Réponses sur la Carte
Les réponses sont colorées sur une échelle allant du rouge au vert en fonction du pourcentage des utilisateurs qui les ont devinées à leur premier essai. Vous pouvez retrouver ces pourcentages ci-dessous.
 
Statistiques - réponses
Canton % Correct
Toulouse-1
100%
Toulouse-10
100%
Toulouse-11
100%
Toulouse-2
100%
Toulouse-3
100%
Toulouse-4
100%
Toulouse-5
100%
Toulouse-6
100%
Toulouse-7
100%
Toulouse-8
100%
Toulouse-9
100%
Muret
88%
Blagnac
79%
Saint-Gaudens
77%
Bagnères-de-Luchon
61%
Tournefeuille
57%
Revel
49%
Auterive
37%
Plaisance-du-Touch
35%
Cazères
31%
Villemur-sur-Tarn
27%
Castanet-Tolosan
26%
Portet-sur-Garonne
26%
Castelginest
20%
Léguevin
18%
Escalquens
14%
Pechbonnieu
8%
Aucun quiz correspondant
Distribution des résultats
% des personnes avec chaque résultat
Percentile par nombre de réponses
Votre historique - résultats
Vous n’avez pas pris ce quiz